Estudios económicos y financieros de la edificación : (Registro nro. 12259)

Detalles MARC
000 -LEADER
fixed length control field 02077nam a2200253Ia 4500
003 - CONTROL NUMBER IDENTIFIER
control field OSt
005 - DATE AND TIME OF LATEST TRANSACTION
control field 20210819165728.0
008 - FIXED-LENGTH DATA ELEMENTS--GENERAL INFORMATION
fixed length control field 210310s2014 sp ad gr 000 0 spa d
020 ## - INTERNATIONAL STANDARD BOOK NUMBER
International Standard Book Number 9788492954728
040 ## - CATALOGING SOURCE
Original cataloging agency CO-JMCR
Transcribing agency CO-JMCR
041 0# - LANGUAGE CODE
Language code of text/sound track or separate title spa
082 04 - DEWEY DECIMAL CLASSIFICATION NUMBER
Classification number 658.15 /
Item number T874e
Edition number 23
100 1# - MAIN ENTRY--PERSONAL NAME
Personal name Truyols Mateu, Sebastian,
Relator term autor
9 (RLIN) 27727
245 10 - TITLE STATEMENT
Title Estudios económicos y financieros de la edificación :
Remainder of title teoría y practica /
Statement of responsibility, etc. Sebastián Truyols Mateu
250 ## - EDITION STATEMENT
Edition statement Segunda edición
260 ## - PUBLICATION, DISTRIBUTION, ETC.
Place of publication, distribution, etc. Madrid, España :
Name of publisher, distributor, etc. Delta,
Date of publication, distribution, etc. 2014.
300 ## - PHYSICAL DESCRIPTION
Extent 409 páginas :
Other physical details ilustraciones y gráficas en blanco y negro ;
Dimensions 24 cm
505 0# - FORMATTED CONTENTS NOTE
Formatted contents note Conceptos básicos económicos. -- La empresa y tipos de sociedades. -- El profesional autónomo. -- La inversión: tipos y métodos. -- La amortización: tipos métodos. -- La cuenta de resultados y los principios básicos de contabilidad.
520 0# - SUMMARY, ETC.
Summary, etc. El Ingeniero de Edificación de hoy en día, que desarrolla su actividad en una empresa, ya sea ésta privada o pública, cada vez más necesita conocer los fun damentos tanto del marco económico general en el que se desarrolla su activi dad como de la actividad empresarial en particular, así como su organización y gestión. Sectores como el de la construcción, que tienen gran complejidad y son motor de la economía de nuestro país, cuentan cada vez con más frecuencia en nuestro tiempo con gerentes que son arquitectos técnicos, desarrollando esa doble función, la de dirección y control desde el punto de vista técnico y la de dirección y gestión desde el punto de vista empresarial.<br/>Esta obra contiene todos aquellos elementos de gestión económica que, desde un punto de vista general ha de conocer el futuro Ingeniero de Edificación: la interpretación de los fenómenos económicos del entorno, así como los elementos que afectan a la empresa, al empresario o al profesional autónomo.
650 14 - SUBJECT ADDED ENTRY--TOPICAL TERM
Topical term or geographic name entry element Estudios económicos
9 (RLIN) 37373
650 24 - SUBJECT ADDED ENTRY--TOPICAL TERM
Topical term or geographic name entry element Estudios financieros
9 (RLIN) 39525
650 24 - SUBJECT ADDED ENTRY--TOPICAL TERM
Topical term or geographic name entry element La edificación y la economía.
9 (RLIN) 39526
942 ## - ADDED ENTRY ELEMENTS (KOHA)
Source of classification or shelving scheme Dewey Decimal Classification
Koha item type Books
Existencias
Withdrawn status Lost status Source of classification or shelving scheme Damaged status Not for loan Home library Current library Shelving location Date acquired Source of acquisition Full call number Barcode Date last seen Copy number Price effective from Koha item type
    Dewey Decimal Classification     Biblioteca Pública José María del Castillo y Rada Biblioteca Pública José María del Castillo y Rada General Stacks 04/15/2018 Donación 658.15 / T874e 430000773 05/16/2024 Ej.1 03/10/2021 Books